01484 2200193 4500001002100000005001500021035002000036008004100056245004600097100001600143250000600159260003600165300001200201084001400213082000800227650001000235520103300245990001201278INLIS00000000000072820240611120737 a0010-0424000704240611 1 ind 1 aTaj Mahal Kisah Cinta Abadi /cJohn Shors aShors, John a1 aBandung :bMizan Pustaka,c2006 a457 hlm a813 JOH t a813 4aFiksi aPenguasa Hindustan, Shah Jahan, mengalami mahaduka setelah istrinya, Mumtaz Mahal, meninggal saat melahirkan bayi sungsang di tenda perang. Pada tahun 1632 ia menitahkan penciptaan istana pualam - yang dirancang berdasarkan citra tentang surga dalam Al-Quran - sebagai jejak terakhir raga istrinya. Dengan bantuan Isa, arsitek berdarah Persia, ditambah dua puluh dua ribu pekerja dan ratusan gajah, ia berhasil mewujudkan Lambang Keagungan Cinta yang diberinya nama: Taj Mahal. Berlatar asmara dan perselingkuhan, intrik dan perang saudara, Jahanara, anak Mumtaz Mahal, membabar kisah di balik penciptaan Taj Mahal. Ia bercerita tentang dirinya yang berusaha kabur dari "suami politik"-nya demi memburu kekasih rahasia yang tersembunyi di balik dinding-dinding Taj Mahal. Tapi ia kemudian terjebak dalam perang antara kakak dan adiknya: Pangeran Dara Shikuh, seorang mistikus yang berjuang mempersaudarakan Muslim dan Hindu, melawan Aurangzeb, yang gila takhta dan gemar memanipulasi agama untuk menumpas lawan-lawan politiknya. a0740032